[Event "NB II. Breyer csoport"]
[Site "Budapest"]
[Date "2024.02.18"]
[Round "4.2"]
[White "Horvath, Gabor"]
[Black "Szobi, Geza Jr"]
[Result "0-1"]
[WhiteElo "2167"]
[BlackElo "2214"]
[PlyCount "98"]
[EventDate "2023.10.08"]
[EventType "team-tourn"]
[EventRounds "9"]
[EventCountry "HUN"]
[Source "chess.hu"]
[WhiteTeam "Varosgazda Akademia"]
[BlackTeam "Geniusz Tata-Naszaly"]
[WhiteTeamCountry "HUN"]
[BlackTeamCountry "HUN"]

1. e4 g6 2. d4 Bg7 3. Nc3 d6 4. Bc4 c6 5. a4 Nf6 6. Qe2 e5 7. dxe5 dxe5 8. Nf3
Qc7 9. h3 O-O 10. O-O a5 11. Be3 b6 12. Rad1 Na6 13. Qd2 Nb4 14. Qd6 Qxd6 15.
Rxd6 Nxc2 16. Bxb6 Rb8 17. Bxa5 Rxb2 18. Rfd1 Na3 19. Ba2 Nxe4 20. Nxe4 Rxa2
21. Rd8 c5 22. Rxf8+ Bxf8 23. Rd8 Nc4 24. Bc3 Bb7 25. Nf6+ Kg7 26. Nxe5 Kxf6
27. Nxc4+ Ke7 28. Rd6 Ke8 29. Rb6 Rc2 30. Bf6 Rxc4 31. Rxb7 Bd6 32. Kf1 Rxa4
33. Ke2 Re4+ 34. Kf1 Re6 35. Bg5 Be5 36. Ra7 Bf6 37. Be3 Rc6 38. Ke2 h5 39. g4
hxg4 40. hxg4 Be5 41. Kd3 c4+ 42. Ke4 Bc7 43. Ra2 Kd7 44. Rd2+ Ke6 45. f4 f5+
46. gxf5+ gxf5+ 47. Kf3 c3 48. Rc2 Kd5 49. Ke2 Ke4 0-1

[Event "NB II. Breyer csoport"]
[Site "Budapest"]
[Date "2024.02.18"]
[Round "4.3"]
[White "Dibusz, Ferenc"]
[Black "Gombocz, Zsolt"]
[Result "1/2-1/2"]
[WhiteElo "2142"]
[BlackElo "1987"]
[PlyCount "22"]
[EventDate "2023.10.08"]
[EventType "team-tourn"]
[EventRounds "9"]
[EventCountry "HUN"]
[Source "chess.hu"]
[WhiteTeam "Geniusz Tata-Naszaly"]
[BlackTeam "Varosgazda Akademia"]
[WhiteTeamCountry "HUN"]
[BlackTeamCountry "HUN"]

1. c4 Nf6 2. Nc3 e6 3. Nf3 d5 4. d4 c6 5. e3 Bb4 6. Bd3 Nbd7 7. O-O O-O 8. a3
Bxc3 9. bxc3 Qc7 10. cxd5 cxd5 11. a4 Re8 1/2-1/2

[Event "NB II. Breyer csoport"]
[Site "Budapest"]
[Date "2024.02.18"]
[Round "4.4"]
[White "Goblyos, Gyorgy"]
[Black "Kovacs, David"]
[Result "0-1"]
[WhiteElo "2058"]
[BlackElo "2120"]
[PlyCount "46"]
[EventDate "2023.10.08"]
[EventType "team-tourn"]
[EventRounds "9"]
[EventCountry "HUN"]
[Source "chess.hu"]
[WhiteTeam "Varosgazda Akademia"]
[BlackTeam "Geniusz Tata-Naszaly"]
[WhiteTeamCountry "HUN"]
[BlackTeamCountry "HUN"]

1. b4 d5 2. Bb2 Nf6 3. a3 c5 4. bxc5 Qa5 5. e3 e6 6. c4 Nbd7 7. cxd5 exd5 8.
Nc3 Nxc5 9. d3 Bd7 10. Ke2 Bd6 11. f3 Rc8 12. a4 Qb4 13. Ra2 d4 14. exd4 Nb3
15. Ne4 Nxd4+ 16. Bxd4 Qxd4 17. Nxd6+ Qxd6 18. Qa1 O-O 19. Kf2 Be6 20. Rd2 Qf4
21. Qb2 Ng4+ 22. Ke1 Qe3+ 23. Ne2 Qf2+ 0-1

[Event "NB II. Breyer csoport"]
[Site "Budapest"]
[Date "2024.02.18"]
[Round "4.5"]
[White "Kovacs, Gabor Etele"]
[Black "Banhazi, Istvan"]
[Result "1-0"]
[WhiteElo "2084"]
[BlackElo "1933"]
[PlyCount "135"]
[EventDate "2023.10.08"]
[EventType "team-tourn"]
[EventRounds "9"]
[EventCountry "HUN"]
[Source "chess.hu"]
[WhiteTeam "Geniusz Tata-Naszaly"]
[BlackTeam "Varosgazda Akademia"]
[WhiteTeamCountry "HUN"]
[BlackTeamCountry "HUN"]

1. e4 c5 2. Nf3 d6 3. Bb5+ Bd7 4. Bxd7+ Qxd7 5. c4 g6 6. Nc3 Bg7 7. d4 cxd4 8.
Nxd4 Nc6 9. Be3 Nf6 10. f3 O-O 11. O-O Rac8 12. b3 h6 13. Qd2 Kh7 14. Rad1 Rfd8
15. Rfe1 b6 16. Ncb5 Qb7 17. Nxc6 Rxc6 18. e5 Ne8 19. Qd5 e6 20. Qe4 Bxe5 21.
Qh4 Bf6 22. Qxh6+ Kg8 23. Bd4 e5 24. Bb2 Bg7 25. Qh4 Nf6 26. f4 Rd7 27. fxe5
dxe5 28. Bxe5 Rxd1 29. Rxd1 Qe7 30. Qd4 Kh7 31. h3 Re6 32. Qh4+ Kg8 33. Bc7 Re4
34. Qf2 Ne8 35. Bd8 Qe6 36. Nc7 Nxc7 37. Bxc7 Bc3 38. Bf4 Re2 39. Rd8+ Kg7 40.
Qh4 Re1+ 41. Kh2 g5 42. Qh8+ Kg6 43. Rg8+ Kf5 44. Rxg5+ Kxf4 45. Qh4+ Ke3 46.
Rg3+ Kd2 47. Qd8+ Kc1 48. Rxc3+ Kb1 49. Qd3+ Ka1 50. Rc2 Qe5+ 51. g3 f5 52. a4
f4 53. Qc3+ Qxc3 54. Rxc3 Kb2 55. Rf3 Re2+ 56. Kg1 fxg3 57. Rxg3 Re4 58. Kg2
Ka3 59. Rd3 Kb4 60. Kg3 a6 61. h4 b5 62. axb5 axb5 63. cxb5 Kxb5 64. h5 Re6 65.
Kf4 Rh6 66. Kg5 Re6 67. h6 Re1 68. Rh3 1-0

[Event "NB II. Breyer csoport"]
[Site "Budapest"]
[Date "2024.02.18"]
[Round "4.6"]
[White "Rozsnyai, Tibor"]
[Black "Szabo-Toth, Gabor"]
[Result "0-1"]
[WhiteElo "1975"]
[BlackElo "2066"]
[PlyCount "58"]
[EventDate "2023.10.08"]
[EventType "team-tourn"]
[EventRounds "9"]
[EventCountry "HUN"]
[Source "chess.hu"]
[WhiteTeam "Varosgazda Akademia"]
[BlackTeam "Geniusz Tata-Naszaly"]
[WhiteTeamCountry "HUN"]
[BlackTeamCountry "HUN"]

1. c4 Nf6 2. Nc3 c5 3. g3 d5 4. cxd5 Nxd5 5. Bg2 Nc7 6. d3 e5 7. f4 exf4 8.
Bxf4 Nc6 9. Nf3 Bd6 10. Bxd6 Qxd6 11. O-O O-O 12. Rc1 b6 13. Qe1 Be6 14. Qf2 f6
15. Rfd1 Rad8 16. b3 Rfe8 17. h3 Nd5 18. Nxd5 Bxd5 19. Kh2 Bxf3 20. Bxf3 Nd4
21. Re1 f5 22. Kg2 g6 23. h4 Kg7 24. h5 g5 25. e4 f4 26. Bd1 f3+ 27. Kh3 g4+
28. Kxg4 Re5 29. Rh1 Qe6+ 0-1

[Event "NB II. Breyer csoport"]
[Site "Budapest"]
[Date "2024.02.18"]
[Round "4.7"]
[White "Sipos, Stefania"]
[Black "Magyar, Erik Ferenc"]
[Result "0-1"]
[WhiteElo "1769"]
[BlackElo "1733"]
[PlyCount "82"]
[EventDate "2023.10.08"]
[EventType "team-tourn"]
[EventRounds "9"]
[EventCountry "HUN"]
[Source "chess.hu"]
[WhiteTeam "Geniusz Tata-Naszaly"]
[BlackTeam "Varosgazda Akademia"]
[WhiteTeamCountry "HUN"]
[BlackTeamCountry "HUN"]

1. e4 e5 2. Nf3 Nc6 3. Bb5 a6 4. Ba4 Nf6 5. O-O b5 6. Bb3 d6 7. Ng5 d5 8. exd5
Nd4 9. d6 Nxb3 10. dxc7 Qxc7 11. axb3 Bc5 12. Nc3 Bb7 13. d3 O-O 14. Be3 Bb4
15. Nce4 Nxe4 16. Nxe4 f5 17. Ng5 Rf6 18. f3 Rg6 19. Nh3 f4 20. Bd2 Bc5+ 21.
Kh1 Rf8 22. Nf2 Rf5 23. Ne4 Rh5 24. h3 Bc8 25. Nf2 Bxf2 26. Rxf2 Qd8 27. Qf1
Rg3 28. Re1 Bxh3 29. gxh3 Rgxh3+ 30. Qxh3 Rxh3+ 31. Kg2 Qg5+ 32. Kf1 Rh1+ 33.
Ke2 Rxe1+ 34. Bxe1 Kf7 35. Rh2 Qg1 36. Rf2 h5 37. Rf1 Qe3+ 38. Kd1 g5 39. Bd2
Qd4 40. Bc3 Qd5 41. Ke2 g4 0-1

[Event "NB II. Breyer csoport"]
[Site "Budapest"]
[Date "2024.02.18"]
[Round "4.8"]
[White "Salamon, Laszlo"]
[Black "Kovacs, Reka"]
[Result "0-1"]
[WhiteElo "1833"]
[BlackElo "1656"]
[PlyCount "92"]
[EventDate "2023.10.08"]
[EventType "team-tourn"]
[EventRounds "9"]
[EventCountry "HUN"]
[Source "chess.hu"]
[WhiteTeam "Varosgazda Akademia"]
[BlackTeam "Geniusz Tata-Naszaly"]
[WhiteTeamCountry "HUN"]
[BlackTeamCountry "HUN"]

1. e4 e5 2. Nf3 Nc6 3. d4 exd4 4. Bc4 Nf6 5. e5 d5 6. Bb5 Ne4 7. Nxd4 Bc5 8.
Be3 Bd7 9. Bxc6 bxc6 10. f3 Ng5 11. O-O Ne6 12. c3 O-O 13. f4 Qe7 14. Nd2 Bb6
15. N2f3 f6 16. Qd2 Nc5 17. Rae1 Ne4 18. Qd3 c5 19. Nb3 Bc6 20. c4 Rad8 21.
cxd5 Bxd5 22. Qc2 c4 23. Nbd4 Nc5 24. exf6 Qxf6 25. Ne5 Kh8 26. Ndf3 Nd3 27.
Nxd3 cxd3 28. Qd2 Qxf4 29. Bxb6 Qxd2 30. Nxd2 axb6 31. Rxf8+ Rxf8 32. Re3 Bxa2
33. b3 Rd8 34. Re1 h6 35. Ra1 Bxb3 36. Nxb3 c5 37. Nd2 b5 38. Kf1 c4 39. Ke1 c3
40. Nb3 d2+ 41. Kd1 Re8 42. Kc2 b4 43. Nc5 Re2 44. Ra8+ Kh7 45. Rd8 Rxg2 46.
Na6 Rg1 0-1

[Event "NB II. Breyer csoport"]
[Site "Budapest"]
[Date "2024.02.18"]
[Round "4.9"]
[White "Laszlo, Imre"]
[Black "Sandor, Jozsef"]
[Result "1-0"]
[WhiteElo "1977"]
[BlackElo "1774"]
[PlyCount "101"]
[EventDate "2023.10.08"]
[EventType "team-tourn"]
[EventRounds "9"]
[EventCountry "HUN"]
[Source "chess.hu"]
[WhiteTeam "Geniusz Tata-Naszaly"]
[BlackTeam "Varosgazda Akademia"]
[WhiteTeamCountry "HUN"]
[BlackTeamCountry "HUN"]

1. e4 d6 2. d4 e5 3. Nf3 Qe7 4. Nc3 Nf6 5. Bg5 c6 6. h3 Nbd7 7. a4 h6 8. Bh4 g5
9. Bg3 Nh5 10. Bh2 Nf4 11. g3 Ng6 12. d5 a5 13. Nd2 Nb6 14. Nc4 Nxc4 15. Bxc4
Bxh3 16. g4 Nh4 17. Be2 Bg2 18. Rg1 Qf6 19. Qd3 Bf3 20. O-O-O Bxe2 21. Qxe2 Nf3
22. dxc6 bxc6 23. Qc4 Rc8 24. Qa6 Qd8 25. Rh1 Nd4 26. Ne2 Nxe2+ 27. Qxe2 Bg7
28. Rd2 Qc7 29. Rhd1 Rd8 30. f3 O-O 31. Bg1 Rfe8 32. Qa6 Ra8 33. Qb6 Qxb6 34.
Bxb6 Bf8 35. Bc7 Rec8 36. Bxd6 Bxd6 37. Rxd6 Kg7 38. Rd7 Kf6 39. R1d6+ Kg7 40.
Re7 Rd8 41. Rxd8 Rxd8 42. Rxe5 Ra8 43. Rc5 Ra6 44. Rf5 f6 45. Kd2 Kf7 46. e5 c5
47. Kd3 Kg6 48. Rxf6+ Rxf6 49. exf6 Kxf6 50. Kc4 Ke5 51. Kxc5 1-0

[Event "NB II. Breyer csoport"]
[Site "Budapest"]
[Date "2024.02.18"]
[Round "4.10"]
[White "Berla, Zoltan Mate"]
[Black "Kossela, Peter"]
[Result "0-1"]
[WhiteElo "1566"]
[BlackElo "1968"]
[PlyCount "70"]
[EventDate "2023.10.08"]
[EventType "team-tourn"]
[EventRounds "9"]
[EventCountry "HUN"]
[Source "chess.hu"]
[WhiteTeam "Varosgazda Akademia"]
[BlackTeam "Geniusz Tata-Naszaly"]
[WhiteTeamCountry "HUN"]
[BlackTeamCountry "HUN"]

1. e4 e5 2. Nf3 Nc6 3. Bc4 Bc5 4. c3 Nf6 5. d3 d6 6. h3 a6 7. Bb3 Be6 8. Bxe6
fxe6 9. Ng5 Qd7 10. f4 h6 11. Nf3 exf4 12. Bxf4 e5 13. Bg3 O-O-O 14. b4 Ba7 15.
Na3 Nh5 16. Bh2 Rhf8 17. Qe2 Nf4 18. Bxf4 exf4 19. O-O-O d5 20. Qb2 dxe4 21.
dxe4 Qe6 22. b5 Be3+ 23. Nd2 axb5 24. Nxb5 Rxd2 25. Rxd2 Rd8 26. Rhd1 Qxe4 27.
Qa3 Bxd2+ 28. Kb2 Rd5 29. Qa8+ Kd7 30. Qxb7 Qe5 31. a4 Bxc3+ 32. Kc2 Rxd1 33.
Kxd1 Qe1+ 34. Kc2 Qd2+ 35. Kb3 Na5+ 0-1

[Event "NB II. Breyer csoport"]
[Site "Budapest"]
[Date "2024.02.18"]
[Round "4.11"]
[White "Vancsisin, Mark"]
[Black "Li, Changxing"]
[Result "1-0"]
[WhiteElo "1804"]
[BlackElo "1549"]
[PlyCount "95"]
[EventDate "2023.10.08"]
[EventType "team-tourn"]
[EventRounds "9"]
[EventCountry "HUN"]
[Source "chess.hu"]
[WhiteTeam "Geniusz Tata-Naszaly"]
[BlackTeam "Varosgazda Akademia"]
[WhiteTeamCountry "HUN"]
[BlackTeamCountry "HUN"]

1. e4 e5 2. Nf3 Nc6 3. Bc4 Bc5 4. c3 Nf6 5. d3 d6 6. Bb3 h6 7. Nbd2 a5 8. Nf1
Ng4 9. Ne3 O-O 10. h3 Nxe3 11. Bxe3 Bxe3 12. fxe3 Be6 13. O-O Ne7 14. d4 Ng6
15. Qe1 Bxb3 16. axb3 Qe7 17. Nd2 b6 18. Qe2 Qd7 19. Rf2 a4 20. b4 b5 21. Nf1
Qc6 22. Ng3 a3 23. d5 axb2 24. Qxb2 Qb6 25. Nf5 Ra4 26. h4 Re8 27. Rxa4 bxa4
28. Qa1 Qb5 29. h5 Ne7 30. Qd1 a3 31. Nxh6+ gxh6 32. Qg4+ Kf8 33. Qe6 Nf5 34.
Qxf5 Re7 35. Qc8+ Kg7 36. Rf3 Qe8 37. Qa6 Qd7 38. Rg3+ Kh7 39. Qxa3 f5 40. Qa8
Re8 41. Qc6 Qxc6 42. dxc6 fxe4 43. Rg6 Rb8 44. Re6 Rc8 45. Re7+ Kg8 46. c4 Rb8
47. Rxc7 Rxb4 48. Rb7 1-0

[Event "NB II. Breyer csoport"]
[Site "Budapest"]
[Date "2024.02.18"]
[Round "4.12"]
[White "Jiang, Yaxing"]
[Black "Toth, Kincso"]
[Result "0-1"]
[WhiteElo "1003"]
[BlackElo "1747"]
[PlyCount "94"]
[EventDate "2023.10.08"]
[EventType "team-tourn"]
[EventRounds "9"]
[EventCountry "HUN"]
[Source "chess.hu"]
[WhiteTeam "Varosgazda Akademia"]
[BlackTeam "Geniusz Tata-Naszaly"]
[WhiteTeamCountry "HUN"]
[BlackTeamCountry "HUN"]

1. e4 c5 2. d4 cxd4 3. c3 dxc3 4. Nxc3 Nc6 5. Nf3 a6 6. Bc4 d6 7. O-O Nf6 8.
Qe2 Bg4 9. Rd1 Bxf3 10. Qxf3 Ne5 11. Qe2 Nxc4 12. Qxc4 Qc8 13. Qxc8+ Rxc8 14.
Be3 g6 15. Rac1 Bg7 16. Bd4 O-O 17. Nd5 Nxd5 18. Bxg7 Kxg7 19. exd5 Kf6 20. f4
Rc5 21. Kf2 Rfc8 22. Rxc5 Rxc5 23. Rd2 h5 24. h3 b5 25. g4 hxg4 26. hxg4 Rc4
27. Ke3 g5 28. Rf2 gxf4+ 29. Rxf4+ Rxf4 30. Kxf4 a5 31. b3 e6 32. dxe6 fxe6 33.
g5+ Kg6 34. a3 Kh5 35. a4 bxa4 36. bxa4 Kg6 37. Kg4 e5 38. Kf3 Kxg5 39. Ke4 Kf6
40. Ke3 d5 41. Kd3 Kf5 42. Ke3 d4+ 43. Kd3 Kf4 44. Ke2 e4 45. Kd2 Kf3 46. Ke1
Ke3 47. Kd1 Kf2 0-1

[Event "NB II. Breyer csoport"]
[Site "Budapest"]
[Date "2024.02.18"]
[Round "4.1"]
[White "Nemeth, Miklos"]
[Black "Farkas, Richard"]
[Result "1/2-1/2"]
[WhiteElo "2052"]
[BlackElo "2239"]
[PlyCount "34"]
[EventDate "2023.10.08"]
[EventType "team-tourn"]
[EventRounds "9"]
[EventCountry "HUN"]
[Source "chess.hu"]
[WhiteTeam "Zsambeki SBE"]
[BlackTeam "Barcza - BEAC I."]
[WhiteTeamCountry "HUN"]
[BlackTeamCountry "HUN"]

1. e4 c5 2. Nf3 e6 3. d4 cxd4 4. Nxd4 a6 5. Bd3 Nf6 6. O-O Qc7 7. Qe2 d6 8. c4
Nbd7 9. f4 g6 10. f5 e5 11. Nb3 Bg7 12. Nc3 gxf5 13. exf5 b6 14. Bg5 Bb7 15.
Nd2 Rg8 16. Bxf6 Nxf6 17. Nde4 Bxe4 1/2-1/2

[Event "NB II. Breyer csoport"]
[Site "Budapest"]
[Date "2024.02.18"]
[Round "4.2"]
[White "Horvath, Andras"]
[Black "Rummel, Zsolt"]
[Result "1-0"]
[WhiteElo "2254"]
[BlackElo "2090"]
[PlyCount "45"]
[EventDate "2023.10.08"]
[EventType "team-tourn"]
[EventRounds "9"]
[EventCountry "HUN"]
[Source "chess.hu"]
[WhiteTeam "Barcza - BEAC I."]
[BlackTeam "Zsambeki SBE"]
[WhiteTeamCountry "HUN"]
[BlackTeamCountry "HUN"]

1. d4 d5 2. c4 c6 3. Nc3 e6 4. e3 Nf6 5. Nf3 Nbd7 6. Qc2 dxc4 7. Bxc4 b5 8. Bd3
Bb7 9. e4 b4 10. Na4 Qa5 11. O-O c5 12. dxc5 Bxc5 13. Bg5 Rc8 14. Bxf6 gxf6 15.
Rac1 Bd6 16. Qxc8+ Bxc8 17. Rxc8+ Ke7 18. Rxh8 Qxa4 19. Nd4 Bc5 20. Bb5 Qxa2
21. Nc6+ Kd6 22. Rd1+ Kc7 23. Rxd7+ 1-0

[Event "NB II. Breyer csoport"]
[Site "Budapest"]
[Date "2024.02.18"]
[Round "4.3"]
[White "Kecskes, Gabor"]
[Black "Fordan, Tibor"]
[Result "0-1"]
[WhiteElo "2138"]
[BlackElo "2121"]
[PlyCount "29"]
[EventDate "2023.10.08"]
[EventType "team-tourn"]
[EventRounds "9"]
[EventCountry "HUN"]
[Source "chess.hu"]
[WhiteTeam "Zsambeki SBE"]
[BlackTeam "Barcza - BEAC I."]
[WhiteTeamCountry "HUN"]
[BlackTeamCountry "HUN"]

1. d4 d5 2. Nf3 e6 3. c4 c5 4. Nc3 Nc6 5. Bg5 Be7 6. Bxe7 Ngxe7 7. e3 cxd4 8.
exd4 dxc4 9. Bxc4 O-O 10. O-O Nf5 11. d5 Na5 12. dxe6 Nxc4 13. exf7+ Kh8 14.
Re1 Nfd6 15. Qd5 0-1

[Event "NB II. Breyer csoport"]
[Site "Budapest"]
[Date "2024.02.18"]
[Round "4.4"]
[White "Isepy, Tamas"]
[Black "Emmer, Adam"]
[Result "0-1"]
[WhiteElo "2071"]
[BlackElo "1929"]
[PlyCount "134"]
[EventDate "2023.10.08"]
[EventType "team-tourn"]
[EventRounds "9"]
[EventCountry "HUN"]
[Source "chess.hu"]
[WhiteTeam "Barcza - BEAC I."]
[BlackTeam "Zsambeki SBE"]
[WhiteTeamCountry "HUN"]
[BlackTeamCountry "HUN"]

1. e4 d6 2. d4 Nf6 3. Nc3 g6 4. Be2 Bg7 5. h4 h5 6. Nf3 Bg4 7. Ng5 Bxe2 8. Nxe2
Nbd7 9. c3 O-O 10. Qb3 Rb8 11. Nf4 e6 12. Ngxe6 fxe6 13. Nxg6 Re8 14. Bg5 Kh7
15. Nf4 Qe7 16. Nxh5 Qf7 17. Ng3 Qg6 18. Qc2 e5 19. d5 Rf8 20. O-O-O b5 21. f3
b4 22. c4 Nc5 23. Qd2 Nh5 24. Nf5 Bh8 25. g4 Nf4 26. Bxf4 exf4 27. h5 Qf6 28.
h6 Rg8 29. Rh5 Na4 30. Nd4 Nb6 31. Qc2 Rbf8 32. Ne6 Re8 33. Rf5 Qg6 34. Ng5+
Kxh6 35. Rh1+ Kg7 36. Rh7+ Qxh7 37. Nxh7 Kxh7 38. Qh2+ Kg7 39. Qh5 Rgf8 40.
Qg5+ Kh7 41. Qh4+ Kg8 42. Rg5+ Bg7 43. Qh6 Re7 44. c5 dxc5 45. d6 cxd6 46. Qxd6
Rfe8 47. Rg6 Kh7 48. Qxf4 Nc4 49. Qh2+ Kg8 50. Qe2 Ne5 51. Rg5 c4 52. Rf5 a5
53. g5 Rc8 54. f4 Nd3+ 55. Kc2 Nxb2 56. g6 b3+ 57. axb3 cxb3+ 58. Kxb3 Nc4 59.
Rf7 Rxf7 60. gxf7+ Kxf7 61. Qh5+ Ke7 62. Qg5+ Bf6 63. Qd5 a4+ 64. Kb4 a3 65.
Qb7+ Kd8 66. e5 Be7+ 67. Kb3 Na5+ 0-1

[Event "NB II. Breyer csoport"]
[Site "Budapest"]
[Date "2024.02.18"]
[Round "4.5"]
[White "Bitto, Zoltan"]
[Black "Medve, Mark"]
[Result "0-1"]
[WhiteElo "2014"]
[BlackElo "2081"]
[PlyCount "58"]
[EventDate "2023.10.08"]
[EventType "team-tourn"]
[EventRounds "9"]
[EventCountry "HUN"]
[Source "chess.hu"]
[WhiteTeam "Zsambeki SBE"]
[BlackTeam "Barcza - BEAC I."]
[WhiteTeamCountry "HUN"]
[BlackTeamCountry "HUN"]

1. d4 Nf6 2. c4 e6 3. Nc3 Bb4 4. Nf3 b6 5. e3 O-O 6. Bd3 Bb7 7. O-O Bxc3 8.
bxc3 d6 9. Re1 Nbd7 10. e4 e5 11. Bg5 h6 12. Bh4 Re8 13. Nd2 Qe7 14. Rb1 Nf8
15. f4 Ng6 16. fxe5 dxe5 17. Bg3 Rad8 18. d5 Nd7 19. Nb3 Bc8 20. Bf2 Nf4 21.
Bf1 Qg5 22. Kh1 Nf6 23. g3 Nh3 24. Be3 Qg6 25. Nd2 Nxe4 26. Nxe4 Qxe4+ 27. Bg2
Qxc4 28. Rb4 Qxc3 29. Bd2 Nf2+ 0-1

[Event "NB II. Breyer csoport"]
[Site "Budapest"]
[Date "2024.02.18"]
[Round "4.6"]
[White "Palczert, Botond"]
[Black "Nagy, Gyorgy"]
[Result "1/2-1/2"]
[WhiteElo "1954"]
[BlackElo "1780"]
[PlyCount "43"]
[EventDate "2023.10.08"]
[EventType "team-tourn"]
[EventRounds "9"]
[EventCountry "HUN"]
[Source "chess.hu"]
[WhiteTeam "Barcza - BEAC I."]
[BlackTeam "Zsambeki SBE"]
[WhiteTeamCountry "HUN"]
[BlackTeamCountry "HUN"]

1. d4 Nf6 2. c4 g6 3. f3 d5 4. cxd5 Nxd5 5. e4 Nf6 6. Nc3 Bg7 7. Be3 O-O 8. Qd2
c6 9. h4 Nbd7 10. Nge2 e5 11. O-O-O exd4 12. Nxd4 Nh5 13. Bh6 Ng3 14. Rg1 Nxf1
15. Rgxf1 Ne5 16. Bxg7 Kxg7 17. Qf4 Qe7 18. h5 h6 19. hxg6 fxg6 20. Qg3 Qg5+
21. Qxg5 hxg5 22. b3 1/2-1/2

[Event "NB II. Breyer csoport"]
[Site "Budapest"]
[Date "2024.02.18"]
[Round "4.7"]
[White "Tessedik, Karoly"]
[Black "Szekacs, Mark"]
[Result "1-0"]
[WhiteElo "1787"]
[BlackElo "2048"]
[PlyCount "67"]
[EventDate "2023.10.08"]
[EventType "team-tourn"]
[EventRounds "9"]
[EventCountry "HUN"]
[Source "chess.hu"]
[WhiteTeam "Zsambeki SBE"]
[BlackTeam "Barcza - BEAC I."]
[WhiteTeamCountry "HUN"]
[BlackTeamCountry "HUN"]

1. c4 e5 2. g3 Nc6 3. Bg2 g6 4. Nc3 Bg7 5. d3 d6 6. h3 Nge7 7. e4 f5 8. f4 O-O
9. Nf3 Nd4 10. O-O Nec6 11. Rb1 a5 12. a3 Nxf3+ 13. Rxf3 Be6 14. Be3 Qd7 15.
Kh2 h6 16. Qd2 Kh7 17. b4 axb4 18. axb4 fxe4 19. Nxe4 Ra3 20. b5 Nd4 21. Bxd4
exd4 22. Re1 b6 23. Rf2 Rf7 24. Rfe2 Re7 25. g4 Kh8 26. Ng3 Bf8 27. Bc6 Qc8 28.
f5 gxf5 29. gxf5 Bxf5 30. Rxe7 Rxd3 31. Qf4 Bxe7 32. Rxe7 Rxg3 33. Qxh6+ Kg8
34. Bd5+ 1-0

[Event "NB II. Breyer csoport"]
[Site "Budapest"]
[Date "2024.02.18"]
[Round "4.8"]
[White "Martin, Bela Jr"]
[Black "Metzger, Istvan"]
[Result "1-0"]
[WhiteElo "2003"]
[BlackElo "1736"]
[PlyCount "91"]
[EventDate "2023.10.08"]
[EventType "team-tourn"]
[EventRounds "9"]
[EventCountry "HUN"]
[Source "chess.hu"]
[WhiteTeam "Barcza - BEAC I."]
[BlackTeam "Zsambeki SBE"]
[WhiteTeamCountry "HUN"]
[BlackTeamCountry "HUN"]

1. e4 e5 2. Nf3 Nc6 3. Bc4 Be7 4. O-O Nf6 5. d3 O-O 6. Re1 d6 7. a4 Bg4 8. h3
Bh5 9. c3 h6 10. Nbd2 Na5 11. Ba2 c5 12. Nf1 Nc6 13. Ng3 Bxf3 14. Qxf3 Nh7 15.
Nf5 Bf6 16. Qg3 Kh8 17. Bd5 Qd7 18. a5 Ne7 19. Nxe7 Qxe7 20. a6 b6 21. Bxa8
Rxa8 22. Qf3 Nf8 23. Bd2 Nd7 24. d4 Rc8 25. dxc5 Nxc5 26. Ra3 Rd8 27. b4 Ne6
28. Rd1 Kh7 29. Qd3 Qc7 30. Qd5 Rd7 31. Be3 Be7 32. g3 g5 33. Kh2 Kg7 34. Rg1
Kg6 35. f4 Ng7 36. f5+ Kf6 37. Rd1 Ne8 38. c4 Rd8 39. h4 Kg7 40. hxg5 hxg5 41.
Qd3 Rc8 42. Rc3 Nf6 43. Kg1 Nh7 44. Kg2 Qc6 45. b5 Nf6 46. bxc6 1-0

[Event "NB II. Breyer csoport"]
[Site "Budapest"]
[Date "2024.02.18"]
[Round "4.9"]
[White "Horvath, Csaba"]
[Black "Kelemen, Szabolcs"]
[Result "0-1"]
[WhiteElo "1682"]
[BlackElo "1964"]
[PlyCount "74"]
[EventDate "2023.10.08"]
[EventType "team-tourn"]
[EventRounds "9"]
[EventCountry "HUN"]
[Source "chess.hu"]
[WhiteTeam "Zsambeki SBE"]
[BlackTeam "Barcza - BEAC I."]
[WhiteTeamCountry "HUN"]
[BlackTeamCountry "HUN"]

1. d4 Nf6 2. c4 g6 3. Nc3 d5 4. cxd5 Nxd5 5. e4 Nxc3 6. bxc3 Bg7 7. Bc4 c5 8.
Ne2 Nc6 9. Be3 O-O 10. O-O cxd4 11. cxd4 Bg4 12. f3 Na5 13. Bb3 Bd7 14. Rc1 Bb5
15. Re1 Rc8 16. d5 Qd6 17. Nd4 Bc4 18. Qd2 Qa3 19. Rb1 b6 20. Nc2 Qd6 21. Bd4
Bxd4+ 22. Nxd4 Rc5 23. Ba4 e6 24. Nb5 Bxb5 25. Bxb5 exd5 26. Red1 Rd8 27. Qd4
Qc7 28. a4 Nc4 29. Rbc1 Na3 30. Rxc5 bxc5 31. Qf6 Nxb5 32. axb5 d4 33. e5 Re8
34. f4 Qd7 35. Qa6 Re6 36. Qa4 a6 37. Qc4 Qxb5 0-1

[Event "NB II. Breyer csoport"]
[Site "Budapest"]
[Date "2024.02.18"]
[Round "4.10"]
[White "Racz, Peter"]
[Black "Szendeff, Miklos"]
[Result "1-0"]
[WhiteElo "1873"]
[BlackElo "1607"]
[PlyCount "161"]
[EventDate "2023.10.08"]
[EventType "team-tourn"]
[EventRounds "9"]
[EventCountry "HUN"]
[Source "chess.hu"]
[WhiteTeam "Barcza - BEAC I."]
[BlackTeam "Zsambeki SBE"]
[WhiteTeamCountry "HUN"]
[BlackTeamCountry "HUN"]

1. Nf3 d5 2. d4 Nc6 3. g3 Nf6 4. Bg2 h6 5. O-O Bf5 6. Bf4 e6 7. Ne5 Bd6 8. Nxc6
bxc6 9. Bxd6 Qxd6 10. c4 O-O 11. Nc3 Qb4 12. cxd5 cxd5 13. Qd2 Rab8 14. b3 Rfc8
15. Rfd1 c5 16. dxc5 Rxc5 17. Na4 Qxd2 18. Rxd2 Rc7 19. f3 Rbc8 20. e3 Kf8 21.
Kf2 g5 22. g4 Bg6 23. Bf1 Rc2 24. Rad1 e5 25. Ke1 e4 26. Be2 Rxd2 27. Rxd2 Rc1+
28. Rd1 Rc7 29. Nb2 Ke7 30. Rd2 Ke6 31. h3 exf3 32. Bxf3 Ne4 33. Bxe4 Bxe4 34.
Nd3 a5 35. Ke2 f5 36. Nf2 f4 37. exf4 gxf4 38. Nd3 f3+ 39. Kf2 Kf6 40. Nf4 Ke5
41. Nd3+ Kd4 42. Nb4+ Kc3 43. Nxd5+ Kxd2 44. Nxc7 Kc2 45. Na6 Kb2 46. a4 Bd5
47. b4 axb4 48. Nxb4 Be4 49. Na6 Kc3 50. a5 Kc4 51. Nc7 Kc5 52. a6 Kb6 53. Ne6
Bd5 54. Nd4 Kxa6 55. Nxf3 Kb6 56. Nd4 Kc7 57. Kg3 Kd7 58. Kh4 Bf7 59. Nf5 h5
60. g5 Bg6 61. Ng7 Kd6 62. Nxh5 Ke5 63. Ng7 Kf4 64. Ne6+ Ke5 65. Nf8 Bf5 66. g6
Kf6 67. Kh5 Bxh3 68. Kh6 Bf1 69. g7 Bc4 70. Nd7+ Ke7 71. Ne5 Bg8 72. Kg6 Ke8
73. Ng4 Ke7 74. Nh6 Ba2 75. Nf5+ Ke8 76. Kf6 Bg8 77. Nd6+ Kd8 78. Ne4 Ke8 79.
Ng5 Ba2 80. Ne6 Kd7 81. g8=Q 1-0

[Event "NB II. Breyer csoport"]
[Site "Budapest"]
[Date "2024.02.18"]
[Round "4.12"]
[White "Tancz, Janos"]
[Black "Balogh, Fulop"]
[Result "1-0"]
[WhiteElo "1635"]
[BlackElo "1127"]
[PlyCount "63"]
[EventDate "2023.10.08"]
[EventType "team-tourn"]
[EventRounds "9"]
[EventCountry "HUN"]
[Source "chess.hu"]
[WhiteTeam "Barcza - BEAC I."]
[BlackTeam "Zsambeki SBE"]
[WhiteTeamCountry "HUN"]
[BlackTeamCountry "HUN"]

1. c4 e5 2. Nc3 Nc6 3. g3 Bb4 4. Bg2 Nge7 5. e3 O-O 6. Nge2 Ng6 7. O-O Be7 8.
d4 d6 9. a3 Bd7 10. b4 a6 11. Bb2 Bf6 12. Nd5 Re8 13. Qd2 Bg4 14. Rfe1 e4 15.
Nef4 Nxf4 16. Nxf6+ Qxf6 17. exf4 Qg6 18. Re3 Rad8 19. Rae1 Bf5 20. f3 Bd7 21.
fxe4 f6 22. Qc3 Nb8 23. e5 dxe5 24. fxe5 c6 25. e6 Bc8 26. d5 Rd6 27. c5 Rdd8
28. d6 Bxe6 29. Rxe6 Rxe6 30. Rxe6 Qf5 31. Qc4 Qb1+ 32. Bc1 1-0